|
|
|
|
| LEADER |
00000nab a2200000 a 4500 |
| 001 |
vtls009008181 |
| 003 |
SK-MaSNL |
| 005 |
20260303065510.0 |
| 008 |
140328c2007 xo zr|p|||||||000 b|slo |
| 015 |
|
|
|a SNBRB2007/07
|2 snkbucl
|
| 038 |
|
|
|a SNKBUCL
|
| 040 |
|
|
|a SNKBUCL
|b slo
|c SNKBUCL
|e AACR2
|
| 041 |
0 |
|
|a slo
|
| 044 |
|
|
|a xo
|c SK
|
| 080 |
|
|
|a 7.05
|2 2001
|
| 080 |
|
|
|a 658.512.2
|2 2001
|
| 100 |
1 |
|
|a Bürdek, Bernhard E.
|4 aut
|9 1064491
|
| 245 |
1 |
0 |
|a Dizajn. Dejiny, teória a prax tvorby produktov / produktovej výroby
|n 2. časť
|c Bernhard E. Bürdek ; úvod a výber Silvia Lutherová ; preklad Matej Gyárfáš
|
| 300 |
|
|
|b Fotogr.
|
| 500 |
|
|
|a Pokračovanie v ďalšom čísle
|
| 650 |
0 |
7 |
|a dizajn
|x dejiny
|x teória
|x prax
|2 snkbucl
|9 1064492
|
| 700 |
1 |
|
|a Lutherová, Silvia
|4 aui
|9 267120
|
| 700 |
1 |
|
|a Gyárfáš, Matej
|4 trl
|9 648154
|
| 773 |
0 |
|
|t Designum
|g Roč. XIII, č. 2 (2007), s. 70-75
|x 1335-034X
|
| 852 |
|
|
|a SNK
|b KIS3GCP
|
| 999 |
|
|
|c 1751427
|d 1753357
|